00750 a2200385 4500000002100000001000700021005001700028008004100045010000500086020000500091082001600096100002100112110000500133245006200138250001200200260002900212300001000241490000700251500000500258600000500263610000500268611000500273630000500278650000500283651000500288654000500293700002300298710000900321711000500330720000500335730000500340740000500345752000500350856000900355BKB 06925620200902150239.0  a a a004.6bK96C1 aKurose, James F. a1 aComputer networkingcby James F. Kurose and Keith W. Ross a3rd ed. aNew DelhibPearsonc2011 a813p. av a a a a a a a a aRoss, Keith W.bc abc a a a a a adf